[Event "SN-2017-0-00878"]
[Site "LSS email"]
[Date "2017.09.18"]
[Round "?"]
[White "Fernandez, Paco"]
[Black "Ortiz, Juan Guillermo"]
[Result "0-1"]
[WhiteElo "1001"]
[BlackElo "422"]
[PlyCount "33"]
[EventDate "2017.08.17"]
[EventType "tourn (corr)"]
[EventRounds "6"]
[EventCountry "GER"]
[SourceTitle "Corr 2022"]
[Source "ChessBase"]
[SourceDate "2021.10.24"]
[SourceVersion "1"]
[SourceVersionDate "2021.10.24"]
[SourceQuality "1"]

1. d4 d5 2. Nf3 g6 3. e3 e6 4. a3 Bg7 5. c4 Nf6 6. Nc3 0-0 7. cxd5 exd5 8. b4 Nc6 9. Bb2 Bg4 10. Be2 a5 11. b5 Na7 12. 0-0 b6 13. a4 c6 14. bxc6 Nxc6 15. Ba3 Re8 16. Rc1 Ne4 17. Qc2 0-1

[Event "SN-2017-0-00878"]
[Site "LSS email"]
[Date "2017.09.17"]
[Round "?"]
[White "Venturas, Bob"]
[Black "Fernandez, Paco"]
[Result "1-0"]
[WhiteElo "705"]
[BlackElo "1001"]
[PlyCount "35"]
[EventDate "2017.08.17"]
[EventType "tourn (corr)"]
[EventRounds "6"]
[EventCountry "GER"]
[SourceTitle "Corr 2022"]
[Source "ChessBase"]
[SourceDate "2021.10.24"]
[SourceVersion "1"]
[SourceVersionDate "2021.10.24"]
[SourceQuality "1"]

1. e4 c6 2. d4 d5 3. Nc3 dxe4 4. Nxe4 Bf5 5. f3 e6 6. Bd3 Qxd4 7. Ne2 Qd8 8. 0-0 Be7 9. Bd2 Nd7 10. N2g3 Bxe4 11. fxe4 Bc5+ 12. Kh1 Ne5 13. Qh5 Nf6 14. Qxe5 Bd6 15. Qg5 Bf8 16. Rad1 Qb6 17. Bc3 h6 18. Qf4 1-0

[Event "SN-2017-0-00878"]
[Site "LSS email"]
[Date "2017.09.16"]
[Round "?"]
[White "Strnad, Pavel"]
[Black "Fernandez, Paco"]
[Result "1-0"]
[WhiteElo "568"]
[BlackElo "1001"]
[PlyCount "26"]
[EventDate "2017.08.17"]
[EventType "tourn (corr)"]
[EventRounds "6"]
[EventCountry "GER"]
[SourceTitle "Corr 2022"]
[Source "ChessBase"]
[SourceDate "2021.10.24"]
[SourceVersion "1"]
[SourceVersionDate "2021.10.24"]
[SourceQuality "1"]

1. e4 c6 2. d4 d5 3. exd5 cxd5 4. h3 a6 5. Nc3 Nf6 6. Nf3 e6 7. a3 Bd6 8. Bd3 b5 9. 0-0 0-0 10. Re1 Bb7 11. Bg5 Nbd7 12. Ne2 Be7 13. Ng3 Re8 1-0

[Event "IECC CL0-2015.00 email"]
[Site "IECC email"]
[Date "2015.11.15"]
[Round "?"]
[White "De Booij, Marco"]
[Black "Fernandez, Paco"]
[Result "1/2-1/2"]
[WhiteElo "1120"]
[BlackElo "994"]
[PlyCount "60"]
[EventDate "2015.10.22"]
[EventType "tourn (corr)"]
[EventRounds "4"]
[SourceTitle "Corr 2022"]
[Source "ChessBase"]
[SourceDate "2021.10.24"]
[SourceVersion "1"]
[SourceVersionDate "2021.10.24"]
[SourceQuality "1"]

1. e4 c6 2. d4 d5 3. e5 Bf5 4. h4 h6 5. g4 Bd7 6. h5 e6 7. f4 c5 8. c3 Qb6 9. Nf3 Nc6 10. Qb3 Qxb3 11. axb3 cxd4 12. Nxd4 Nxd4 13. cxd4 Bb4+ 14. Bd2 Bxd2+ 15. Nxd2 Ne7 16. Nf3 Nc6 17. Bd3 a6 18. Kd2 Ke7 19. Rhc1 Rhc8 20. Rc3 Nb4 21. Be2 Rc6 22. Rxc6 Nxc6 23. Rc1 Rc8 24. Rc3 Nb4 25. Rxc8 Bxc8 26. Kc3 Nc6 27. Bd3 b5 28. Be2 Bd7 29. Ne1 Bc8 30. Nc2 Bb7 1/2-1/2

[Event "IECC CL0-2015.00 email"]
[Site "IECC email"]
[Date "2015.11.15"]
[Round "?"]
[White "Fernandez, Paco"]
[Black "Slavin, Pablo"]
[Result "0-1"]
[WhiteElo "994"]
[BlackElo "1285"]
[PlyCount "78"]
[EventDate "2015.10.22"]
[EventType "tourn (corr)"]
[EventRounds "4"]
[SourceTitle "Corr 2022"]
[Source "ChessBase"]
[SourceDate "2021.10.24"]
[SourceVersion "1"]
[SourceVersionDate "2021.10.24"]
[SourceQuality "1"]

1. d4 Nf6 2. Nf3 d5 3. e3 g6 4. c4 Bg7 5. Nc3 0-0 6. Be2 dxc4 7. Bxc4 a6 8. a3 Bf5 9. Bd3 Bxd3 10. Qxd3 c5 11. 0-0 Nc6 12. Rd1 cxd4 13. exd4 Nd5 14. Nxd5 Qxd5 15. b4 Rfd8 16. Bb2 e5 17. Qd2 Nxd4 18. Nxd4 exd4 19. Rac1 b5 20. Rc5 Qe4 21. Qd3 Qxd3 22. Rxd3 Rd6 23. Kf1 Re8 24. Rc2 Rde6 25. Rc1 Rd8 26. Rcd1 Red6 27. Ke2 f5 28. Kf1 Kf7 29. Rc1 Ke6 30. Rc7 R8d7 31. Rxd7 Kxd7 32. Ke2 Re6+ 33. Kf1 Rd6 34. Ke2 Kc6 35. f3 Kd5 36. Kd2 Rc6 37. Rb3 Re6 38. Rd3 Kc4 39. g3 Re3 0-1

[Event "IECC CL0-2015.00 email"]
[Site "IECC email"]
[Date "2015.11.15"]
[Round "?"]
[White "Lenz, Juergen"]
[Black "Fernandez, Paco"]
[Result "1-0"]
[WhiteElo "1117"]
[BlackElo "994"]
[PlyCount "51"]
[EventDate "2015.10.22"]
[EventType "tourn (corr)"]
[EventRounds "4"]
[SourceTitle "Corr 2022"]
[Source "ChessBase"]
[SourceDate "2021.10.24"]
[SourceVersion "1"]
[SourceVersionDate "2021.10.24"]
[SourceQuality "1"]

1. d4 d5 2. Bf4 e6 3. e3 Nf6 4. c4 c5 5. Nc3 b6 6. Qb3 Bb7 7. Nf3 Be7 8. Ne5 0-0 9. cxd5 Nxd5 10. Bg3 cxd4 11. exd4 Nf6 12. Rd1 Nc6 13. Nxc6 Bxc6 14. f3 Bd6 15. Ba6 Bxg3+ 16. hxg3 Rb8 17. Be2 Qd6 18. Kf2 g6 19. Qc2 Rbc8 20. Qd3 Kg7 21. Ne4 Nxe4+ 22. fxe4 Rfd8 23. Bf3 Bb7 24. Qe3 Rc2+ 25. Rd2 Rdc8 26. Qh6+ 1-0

[Event "SN-2015-0-00700"]
[Site "LSS email"]
[Date "2015.09.08"]
[Round "?"]
[White "Zwaneveld, Ansel"]
[Black "Fernandez, Paco"]
[Result "1-0"]
[WhiteElo "1114"]
[BlackElo "970"]
[PlyCount "43"]
[EventDate "2015.08.19"]
[EventType "tourn (corr)"]
[EventRounds "6"]
[EventCountry "GER"]
[SourceTitle "Corr 2022"]
[Source "ChessBase"]
[SourceDate "2021.10.24"]
[SourceVersion "1"]
[SourceVersionDate "2021.10.24"]
[SourceQuality "1"]

1. d4 d5 2. c4 c6 3. cxd5 cxd5 4. Nc3 Nf6 5. Bg5 e6 6. Nf3 Be7 7. e3 0-0 8. Rc1 a6 9. Bd3 Nbd7 10. Qc2 h6 11. Bf4 b5 12. 0-0 Bb7 13. Qe2 Nb6 14. Rc2 Rc8 15. Rfc1 Bd6 16. Be5 Qd7 17. Bxf6 gxf6 18. Nh4 f5 19. f4 Kh7 20. Kh1 Rg8 21. Qh5 Be7 22. Nxf5 1-0

[Event "SN-2015-0-00700"]
[Site "LSS email"]
[Date "2015.09.06"]
[Round "?"]
[White "Lenz, Juergen"]
[Black "Fernandez, Paco"]
[Result "0-1"]
[WhiteElo "1160"]
[BlackElo "970"]
[PlyCount "70"]
[EventDate "2015.08.19"]
[EventType "tourn (corr)"]
[EventRounds "6"]
[EventCountry "GER"]
[SourceTitle "Corr 2022"]
[Source "ChessBase"]
[SourceDate "2021.10.24"]
[SourceVersion "1"]
[SourceVersionDate "2021.10.24"]
[SourceQuality "1"]

1. d4 d5 2. Bf4 e6 3. e3 Nf6 4. c4 c5 5. Nc3 a6 6. a4 Nc6 7. Nf3 Be7 8. h3 0-0 9. Be2 b6 10. 0-0 Bb7 11. Ne5 cxd4 12. exd4 dxc4 13. Nxc6 Bxc6 14. Bf3 Bxf3 15. Qxf3 Nd5 16. Bh2 Bf6 17. Rfd1 Qd7 18. Be5 Rad8 19. Nxd5 Qxd5 20. Qxd5 Rxd5 21. Bxf6 gxf6 22. Rac1 Rc8 23. Rc3 b5 24. axb5 axb5 25. Ra3 e5 26. Ra6 Kg7 27. Kf1 exd4 28. Ke2 Re8+ 29. Kd2 d3 30. Kc3 Re2 31. Rd2 Rde5 32. Ra1 Rxd2 33. Kxd2 Re2+ 34. Kc3 Rc2+ 35. Kd4 Rxb2 0-1

[Event "SN-2015-0-00663"]
[Site "LSS email"]
[Date "2015.02.18"]
[Round "?"]
[White "Fernandez, Paco"]
[Black "Lenz, Juergen"]
[Result "1-0"]
[WhiteElo "944"]
[BlackElo "1050"]
[PlyCount "79"]
[EventDate "2015.02.01"]
[EventType "tourn (corr)"]
[EventRounds "6"]
[EventCountry "GER"]
[SourceTitle "Corr 2022"]
[Source "ChessBase"]
[SourceDate "2021.10.24"]
[SourceVersion "1"]
[SourceVersionDate "2021.10.24"]
[SourceQuality "1"]

1. d4 Nf6 2. Nf3 c5 3. d5 c4 4. e3 b5 5. b4 Bb7 6. a4 a6 7. axb5 axb5 8. Rxa8 Bxa8 9. Nc3 Qb6 10. Qd4 Qxd4 11. Nxd4 Nxd5 12. Nxd5 Bxd5 13. Nxb5 Kd8 14. Nc3 Be6 15. Bb2 Nc6 16. b5 Nb4 17. Kd2 d5 18. Ba3 Nxc2 19. Kxc2 Bf5+ 20. Kd2 e6 21. Bxf8 Rxf8 22. Be2 Kc7 23. Ra1 Kb7 24. f3 Rd8 25. g4 Bg6 26. h4 h6 27. Ra6 e5 28. Na4 Rc8 29. Kc3 f6 30. Re6 Rc7 31. g5 hxg5 32. hxg5 Rf7 33. gxf6 gxf6 34. Rd6 Bd3 35. Bxd3 cxd3 36. Rxd5 Rh7 37. Kxd3 Rh3 38. Ke4 f5+ 39. Kxf5 Rxf3+ 40. Ke4 1-0

[Event "CP-2014-P-00026"]
[Site "LSS email"]
[Date "2014.09.30"]
[Round "?"]
[White "Fernandez, Paco"]
[Black "Permykov, Andrey"]
[Result "0-1"]
[WhiteElo "1008"]
[BlackElo "2102"]
[PlyCount "34"]
[EventDate "2014.10.01"]
[EventType "tourn (corr)"]
[EventRounds "6"]
[EventCountry "GER"]
[SourceTitle "Corr 2022"]
[Source "ChessBase"]
[SourceDate "2021.10.24"]
[SourceVersion "1"]
[SourceVersionDate "2021.10.24"]
[SourceQuality "1"]

1. d4 d5 2. Nf3 Nf6 3. e3 e6 4. a3 Nbd7 5. c4 b6 6. Nc3 Bb7 7. Be2 dxc4 8. Bxc4 Bd6 9. 0-0 0-0 10. b4 a6 11. Be2 Qe7 12. Bb2 c5 13. dxc5 bxc5 14. bxc5 Nxc5 15. Na4 Rad8 16. Qc2 Be4 17. Qc4 Bd5 0-1

[Event "LSS No Engine Cup 118 Preliminary 0"]
[Site "LSS email"]
[Date "2014.09.25"]
[Round "?"]
[White "Fernandez, Paco"]
[Black "Pons, Francisco"]
[Result "1-0"]
[WhiteElo "1218"]
[BlackElo "1419"]
[PlyCount "83"]
[EventDate "2014.09.26"]
[EventType "tourn (corr)"]
[EventRounds "6"]
[EventCountry "GER"]
[SourceTitle "Corr 2022"]
[Source "ChessBase"]
[SourceDate "2021.10.24"]
[SourceVersion "1"]
[SourceVersionDate "2021.10.24"]
[SourceQuality "1"]

1. d4 Nf6 2. c4 e5 3. dxe5 Ng4 4. Nf3 Bc5 5. e3 Nc6 6. Be2 Ngxe5 7. 0-0 d6 8. Nc3 Be6 9. b3 Nxf3+ 10. Bxf3 0-0 11. Bb2 Ne5 12. Nd5 Bxd5 13. Bxd5 Rb8 14. Qc2 c6 15. Be4 h6 16. Rad1 Qe7 17. Bd4 Bxd4 18. exd4 Nd7 19. Rfe1 Qf6 20. Bf5 Nb6 21. Qd3 Rfe8 22. Re3 Rxe3 23. fxe3 g6 24. Be4 Re8 25. Bf3 d5 26. c5 Nd7 27. Re1 Kg7 28. e4 dxe4 29. Rxe4 Qf5 30. Qe2 Rxe4 31. Qxe4 Qxe4 32. Bxe4 Nf6 33. Bf3 Nd5 34. Kf2 Kf6 35. Bxd5 cxd5 36. b4 Ke6 37. g4 f5 38. gxf5+ Kxf5 39. a4 g5 40. b5 Ke6 41. h4 gxh4 42. Kg2 1-0

[Event "SN-2014-0-00627"]
[Site "LSS email"]
[Date "2014.09.24"]
[Round "?"]
[White "Fernandez, Paco"]
[Black "Malyszek, Tomasz"]
[Result "0-1"]
[WhiteElo "853"]
[BlackElo "986"]
[PlyCount "46"]
[EventDate "2014.09.07"]
[EventType "tourn (corr)"]
[EventRounds "6"]
[EventCountry "GER"]
[SourceTitle "Corr 2015"]
[Source "ChessBase"]
[SourceDate "2015.07.17"]
[SourceVersion "1"]
[SourceVersionDate "2015.07.17"]
[SourceQuality "1"]

1. d4 d5 2. Nf3 e6 3. e3 Be7 4. a3 Nf6 5. c4 Nc6 6. Be2 0-0 7. 0-0 h6 8. Nc3 a6 9. b4 dxc4 10. Bxc4 b5 11. Be2 Bb7 12. Bb2 Nh7 13. Qc2 Bg5 14. Ne4 Be7 15. Nc5 Bxc5 16. dxc5 Qe7 17. Rfd1 Rad8 18. Qc3 f6 19. Rd2 Rxd2 20. Nxd2 Qf7 21. Bf3 Qg6 22. Rd1 Ng5 23. Qd3 Qxd3 0-1

[Event "LSS No Engine Cup 117 Preliminary 5"]
[Site "LSS email"]
[Date "2014.09.04"]
[Round "?"]
[White "Cole, Steve"]
[Black "Fernandez, Paco"]
[Result "1-0"]
[WhiteElo "1408"]
[BlackElo "853"]
[PlyCount "29"]
[EventDate "2014.09.05"]
[EventType "tourn (corr)"]
[EventRounds "6"]
[EventCountry "GER"]
[SourceTitle "Corr 2015"]
[Source "ChessBase"]
[SourceDate "2015.07.17"]
[SourceVersion "1"]
[SourceVersionDate "2015.07.17"]
[SourceQuality "1"]

1. e4 e5 2. Nf3 Nc6 3. Bb5 a6 4. Ba4 b5 5. Bb3 h6 6. a4 b4 7. d4 exd4 8. Nxd4 Nxd4 9. Qxd4 Bb7 10. 0-0 c5 11. Qc4 Qf6 12. Rd1 Be7 13. f3 Bc6 14. Be3 d6 15. c3 1-0

[Event "LSS No Engine Cup 117 Preliminary 5"]
[Site "LSS email"]
[Date "2014.09.04"]
[Round "?"]
[White "Vazquez, Alvaro"]
[Black "Fernandez, Paco"]
[Result "0-1"]
[WhiteElo "580"]
[BlackElo "853"]
[PlyCount "72"]
[EventDate "2014.09.05"]
[EventType "tourn (corr)"]
[EventRounds "6"]
[EventCountry "GER"]
[SourceTitle "Corr 2015"]
[Source "ChessBase"]
[SourceDate "2015.07.17"]
[SourceVersion "1"]
[SourceVersionDate "2015.07.17"]
[SourceQuality "1"]

1. Nf3 d5 2. d4 Nf6 3. e3 e6 4. Ne5 Bd6 5. Nc3 a6 6. Qf3 0-0 7. Ng4 Be7 8. Bd3 Nxg4 9. Qxg4 Bf6 10. Qh5 g6 11. Qf3 b6 12. Ne2 Bb7 13. Qg3 Bg7 14. e4 dxe4 15. Bc4 Bd5 16. Bxd5 exd5 17. Bf4 c6 18. 0-0-0 Nd7 19. h4 f6 20. Bd6 Re8 21. h5 Bh6+ 22. Nf4 g5 23. Ng6 Nf8 24. Bxf8 Bxf8 25. Nxf8 Rxf8 26. f4 h6 27. f5 Kg7 28. Qb3 Rf7 29. c4 Rd7 30. Rhe1 b5 31. c5 Qc8 32. a4 Qc7 33. Qb4 a5 34. Qd2 Qb7 35. Qc2 bxa4 36. Re3 Rb8 0-1

[Event "OP-2014-0-03471"]
[Site "LSS email"]
[Date "2014.08.17"]
[Round "?"]
[White "Fernandez, Paco"]
[Black "Digiglio, Rafael"]
[Result "1/2-1/2"]
[WhiteElo "866"]
[BlackElo "706"]
[PlyCount "76"]
[EventDate "2014.08.12"]
[EventType "tourn (corr)"]
[EventRounds "4"]
[EventCountry "GER"]
[SourceTitle "Corr 2015"]
[Source "ChessBase"]
[SourceDate "2015.07.17"]
[SourceVersion "1"]
[SourceVersionDate "2015.07.17"]
[SourceQuality "1"]

1. d4 d5 2. Nf3 e6 3. e3 c5 4. c4 cxd4 5. exd4 Bb4+ 6. Bd2 Bxd2+ 7. Qxd2 Nf6 8. Be2 0-0 9. 0-0 dxc4 10. Bxc4 Nc6 11. Nc3 Qb6 12. Bb3 Rd8 13. Rad1 Bd7 14. d5 Na5 15. Qc2 Nxb3 16. Qxb3 Qxb3 17. axb3 Nxd5 18. Nxd5 exd5 19. Rxd5 Be6 20. Rd4 Bxb3 21. Rc1 a6 22. Rc3 Be6 23. Rcd3 Rxd4 24. Rxd4 Rc8 25. h3 b5 26. Rd6 Ra8 27. Nd4 Bc4 28. Nc6 g6 29. Na5 Be2 30. b4 Ra7 31. f3 Kf8 32. Kf2 Re7 33. Rxa6 Kg7 34. Rd6 h5 35. Rd4 Kf6 36. Nb3 Bc4 37. Nc1 Rb7 38. Nd3 Bxd3 1/2-1/2

[Event "OP-2014-0-03471"]
[Site "LSS email"]
[Date "2014.08.17"]
[Round "?"]
[White "Lenz, Juergen"]
[Black "Fernandez, Paco"]
[Result "1-0"]
[WhiteElo "947"]
[BlackElo "866"]
[PlyCount "59"]
[EventDate "2014.08.12"]
[EventType "tourn (corr)"]
[EventRounds "4"]
[EventCountry "GER"]
[SourceTitle "Corr 2015"]
[Source "ChessBase"]
[SourceDate "2015.07.17"]
[SourceVersion "1"]
[SourceVersionDate "2015.07.17"]
[SourceQuality "1"]

1. d4 d5 2. Nf3 Nf6 3. Bf4 e6 4. e3 c5 5. c3 b6 6. a4 Bb7 7. Nbd2 c4 8. b3 cxb3 9. Qxb3 Bd6 10. Bb5+ Bc6 11. Ne5 Bxe5 12. Bxe5 0-0 13. 0-0 Bxb5 14. axb5 Qc8 15. Bxf6 gxf6 16. c4 dxc4 17. Nxc4 Qd8 18. Rfc1 Nd7 19. Nd6 f5 20. Rc6 Nf6 21. Nc4 Nd5 22. Ne5 Kh8 23. Qa3 f6 24. Nd3 Nc7 25. Qb3 Rf7 26. Nf4 Qd7 27. Nxe6 Nxe6 28. Rxe6 Rc8 29. Rd6 Qb7 30. d5 1-0

[Event "RN-2014-0-00834"]
[Site "LSS email"]
[Date "2014.08.11"]
[Round "?"]
[White "Fernandez, Paco"]
[Black "Bester, Kazimierz"]
[Result "1-0"]
[WhiteElo "866"]
[BlackElo "744"]
[PlyCount "93"]
[EventDate "2014.08.02"]
[EventType "tourn (corr)"]
[EventRounds "6"]
[EventCountry "GER"]
[SourceTitle "Corr 2015"]
[Source "ChessBase"]
[SourceDate "2015.07.17"]
[SourceVersion "1"]
[SourceVersionDate "2015.07.17"]
[SourceQuality "1"]

1. d4 e6 2. Nf3 Ne7 3. e3 Ng6 4. a3 Be7 5. c4 b6 6. Nc3 0-0 7. Bd3 c6 8. 0-0 Bb7 9. Be2 d6 10. b4 Nd7 11. Bb2 Qc7 12. h3 f5 13. Rc1 f4 14. e4 Rae8 15. Bd3 e5 16. dxe5 dxe5 17. Qd2 Rf6 18. Rfd1 Ngf8 19. Be2 Rd8 20. Qc2 Rh6 21. Na4 Bf6 22. Rd2 Ng6 23. Rcd1 Ngf8 24. c5 b5 25. Nc3 a6 26. Nb1 Rg6 27. Nh2 Bg5 28. Rd6 a5 29. Rxg6 hxg6 30. Bg4 a4 31. Rd6 Bc8 32. Nf3 Bh6 33. Qd1 g5 34. Nxe5 Bb7 35. Nxd7 Nxd7 36. Rxd7 Rxd7 37. Bxd7 Kh7 38. e5 Kg6 39. e6 Qd8 40. Qd6 Kh5 41. e7 Qa8 42. e8Q+ Qxe8 43. Bxe8+ Kh4 44. Nd2 g4 45. hxg4 Kxg4 46. Qg6+ Kh4 47. Nf3# 1-0

[Event "SF-2014-0-00246"]
[Site "LSS email"]
[Date "2014.08.10"]
[Round "?"]
[White "Lenz, Juergen"]
[Black "Fernandez, Paco"]
[Result "0-1"]
[WhiteElo "947"]
[BlackElo "866"]
[PlyCount "92"]
[EventDate "2014.07.22"]
[EventType "tourn (corr)"]
[EventRounds "6"]
[EventCountry "GER"]
[SourceTitle "Corr 2015"]
[Source "ChessBase"]
[SourceDate "2015.07.17"]
[SourceVersion "1"]
[SourceVersionDate "2015.07.17"]
[SourceQuality "1"]

1. d4 d5 2. Nf3 Nf6 3. Bf4 e6 4. e3 Be7 5. c4 c5 6. Nc3 0-0 7. Be2 cxd4 8. exd4 a6 9. a4 Nc6 10. 0-0 dxc4 11. Bxc4 b6 12. Qd2 Bb7 13. Rad1 Na5 14. Be2 Nd5 15. Bg3 Rc8 16. Ne5 Nxc3 17. bxc3 Bf6 18. Qe3 Qe8 19. Rb1 Bd8 20. f4 Qxa4 21. f5 exf5 22. Rxf5 Qe8 23. Qf2 b5 24. Rf1 f6 25. Ng4 Be4 26. Rf4 Bc7 27. Rxe4 Qxe4 28. Bf3 Qe7 29. Re1 Qd7 30. Ne3 Bxg3 31. Qxg3 Qc7 32. Qxc7 Rxc7 33. Nd5 Ra7 34. Nb4 Rc8 35. Bd5+ Kf8 36. Be6 Rxc3 37. d5 Nc4 38. Nc6 Ra8 39. Rd1 Nd6 40. Bg4 a5 41. Nd4 b4 42. Rb1 Rc4 43. Ne6+ Kg8 44. Be2 Rc3 45. Nd4 g6 46. Nc6 b3 0-1

[Event "SF-2014-0-00246"]
[Site "LSS email"]
[Date "2014.08.10"]
[Round "?"]
[White "Mueller Toepler, Michael"]
[Black "Fernandez, Paco"]
[Result "1-0"]
[WhiteElo "1693"]
[BlackElo "973"]
[PlyCount "25"]
[EventDate "2014.07.22"]
[EventType "tourn (corr)"]
[EventRounds "6"]
[EventCountry "GER"]
[SourceTitle "Corr 2022"]
[Source "ChessBase"]
[SourceDate "2021.10.24"]
[SourceVersion "1"]
[SourceVersionDate "2021.10.24"]
[SourceQuality "1"]

1. e4 e5 2. Nf3 Nc6 3. Bb5 a6 4. Ba4 b5 5. Bb3 Bb7 6. 0-0 Nf6 7. Re1 d6 8. Ng5 d5 9. exd5 Nxd5 10. d4 Be7 11. Qf3 Bxg5 12. Bxd5 0-0 13. Bxc6 1-0

[Event "LSS No Engine Cup 74 Preliminary 7"]
[Site "LSS email"]
[Date "2012.10.09"]
[Round "?"]
[White "Fernandez, Paco"]
[Black "Dumitriu, Laurentiu"]
[Result "1-0"]
[WhiteElo "827"]
[BlackElo "757"]
[PlyCount "33"]
[EventDate "2012.10.10"]
[EventType "tourn (corr)"]
[EventRounds "6"]
[EventCountry "GER"]
[SourceTitle "Corr 2015"]
[Source "ChessBase"]
[SourceDate "2015.07.17"]
[SourceVersion "1"]
[SourceVersionDate "2015.07.17"]
[SourceQuality "1"]

1. d4 d5 2. Nf3 e6 3. e3 Be7 4. Be2 Nf6 5. 0-0 0-0 6. a3 c5 7. c4 dxc4 8. Bxc4 Nc6 9. Nc3 Nd5 10. Nxd5 exd5 11. Be2 Bf5 12. dxc5 Bxc5 13. b4 Bb6 14. Bb2 Be4 15. Rc1 Qd6 16. h3 Bc7 17. g3 1-0

[Event "CP-2012-P-00028"]
[Site "LSS email"]
[Date "2012.10.01"]
[Round "?"]
[White "Fernandez, Paco"]
[Black "Korchut, Adam"]
[Result "0-1"]
[WhiteElo "827"]
[BlackElo "1855"]
[PlyCount "40"]
[EventDate "2012.10.05"]
[EventType "tourn (corr)"]
[EventRounds "6"]
[EventCountry "GER"]
[SourceTitle "Telechess CBM 163"]
[Source "ChessBase"]
[SourceDate "2014.11.11"]
[SourceVersion "2"]
[SourceVersionDate "2014.11.11"]
[SourceQuality "1"]

1. d4 d5 2. Nf3 Nf6 3. e3 e6 4. Be2 Bd6 5. 0-0 0-0 6. a3 Nbd7 7. c4 b6 8. b4 dxc4 9. Bxc4 Bb7 10. Bb2 Ne4 11. Nc3 Ndf6 12. Bd3 Nxc3 13. Bxc3 Ne4 14. Qc2 Nxc3 15. Qxc3 Bxf3 16. gxf3 Qg5+ 17. Kh1 e5 18. Rg1 Qh5 19. Rg2 exd4 20. Qxd4 Be5 0-1

[Event "CP-2012-P-00028"]
[Site "LSS email"]
[Date "2012.10.01"]
[Round "?"]
[White "Van Rooijen, Peter"]
[Black "Fernandez, Paco"]
[Result "1-0"]
[WhiteElo "1782"]
[BlackElo "949"]
[PlyCount "30"]
[EventDate "2012.10.05"]
[EventType "tourn (corr)"]
[EventRounds "6"]
[EventCountry "GER"]
[SourceTitle "Corr 2022"]
[Source "ChessBase"]
[SourceDate "2021.10.24"]
[SourceVersion "1"]
[SourceVersionDate "2021.10.24"]
[SourceQuality "1"]

1. b4 Nf6 2. Bb2 e6 3. b5 b6 4. Nf3 Bb7 5. e3 d5 6. Nc3 c5 7. bxc6 Nxc6 8. Bb5 Be7 9. Nd4 Rc8 10. Nxc6 Bxc6 11. Ba6 Rb8 12. Nb5 0-0 13. a4 Bxb5 14. axb5 Qc7 15. 0-0 Ne4 1-0